000 00277nam a22001217a 4500
008 170619b xxu||||| |||| 00| 0 eng d
041 _aeng
080 _a323
100 _a20
101 _aSHP
245 _aISSUES OF POLITICAL DEVELOPMENT
_cANDERSON.CH.W
942 _2udc
_cBK
999 _c18030
_d18030